|
|
|
|
| LEADER |
00000nam0a2200000 4500 |
| 001 |
121857 |
| 005 |
20231101215715.0 |
| 035 |
|
|
|a (RuTPU)RU\TPU\book\131964
|
| 090 |
|
|
|a 121857
|
| 100 |
|
|
|a 20070921d1980 km y0rusy50 ca
|
| 101 |
0 |
|
|a rus
|
| 102 |
|
|
|a UA
|
| 105 |
|
|
|a a z 001zy
|
| 200 |
1 |
|
|a Термодинамические свойства нитридов
|f А. С. Болгар, В. Ф. Литвиненко
|g Академия наук Украинской ССР, Институт проблем материаловедения им И. Н. Францевича
|
| 210 |
|
|
|a Киев
|c Наукова думка
|d 1980
|
| 215 |
|
|
|a 282 с.
|c ил.
|
| 320 |
|
|
|9 572
|a Библиогр.: с. 261-281
|
| 606 |
1 |
|
|a Нитриды
|x Получение
|2 stltpush
|3 (RuTPU)RU\TPU\subj\32159
|9 54800
|
| 610 |
1 |
|
|a термодинамические свойства
|
| 610 |
1 |
|
|a энтальпия
|
| 610 |
1 |
|
|a теплоемкость
|
| 610 |
1 |
|
|a пар
|
| 610 |
1 |
|
|a давление
|
| 610 |
1 |
|
|a диссоциация
|
| 610 |
1 |
|
|a образование
|
| 610 |
1 |
|
|a химическая связь
|
| 675 |
|
|
|a 661.5
|v 3
|
| 700 |
|
1 |
|a Болгар
|b А. С.
|g Александр Сергеевич
|
| 701 |
|
1 |
|a Литвиненко
|b В. Ф.
|g Валентин Федорович
|
| 712 |
0 |
2 |
|a Академия наук Украинской ССР
|b Институт проблем материаловедения им И. Н. Францевича
|c (Киев)
|2 stltpush
|3 (RuTPU)RU\TPU\col\1143
|9 23526
|
| 801 |
|
1 |
|a RU
|b 63413507
|c 20070919
|g PSBO
|
| 801 |
|
2 |
|a RU
|b 63413507
|c 20201222
|g PSBO
|
| 942 |
|
|
|c BK
|